Tout les nom des lignes nationales des CFF - Statistiques

Statistiques générales
  • Ce quiz a été pris 16 fois
  • Le résultat moyen est 14 sur 26
Statistiques - réponses
Ligne Nom ligne % Correct
Lausanne - Zürich HB/St.-Gallen/Rorschach IC5
92%
Genève-Aéroport - Luzern IR15
92%
Genève-Aéroport - Renens VD - Brig IR90
92%
Genève-Aéroport - St.-Gallen IC1
91%
Genève-Aéroport - Morges - Brig IR95
90%
Basel SBB - Lugano IC21
67%
Basel SBB - Brig IC6
67%
Romanshorn - Brig IC8
67%
Bern - La Chaux de Fonds IR66
67%
Luzern - Konstanz (D) IR75
67%
Zürich HB - Lugano IC2
64%
Genève-Aéroport - Neuchâtel IR57
64%
Romanshorn - Interlaken Ost IC81
60%
Basel SBB - Interlaken Ost IC61
58%
Basel SBB - Chur IC3
55%
Basel SBB - Bienne IC51
55%
Bern - Olten IR17
42%
Bern - Chur IR35
42%
Zürich HB - Locarno IR46
42%
Luzern - Zürich HB IR70
42%
Basel SBB - Locarno IR26
36%
Bern - Bienne IR65
36%
Basel SBB - Zürich HB/Zürich Flughafen IR36
33%
Basel SBB - Zürich HB IR37
33%
Zürich HB/St-Gallen - Chur IR13
25%
Basel SBB - Luzern IR27
18%
Bern - Zürich HB IR16
8%
Aucun quiz correspondant
Distribution des résultats
% des personnes avec chaque résultat
Percentile par nombre de réponses
Votre historique - résultats
Vous n’avez pas pris ce quiz